| 000 | 00748nam a2200229 i 4500 | ||
|---|---|---|---|
| 001 | 10171 | ||
| 003 | ES-MaACL | ||
| 005 | 20250822030145.0 | ||
| 007 | t| | ||
| 008 | 950314s1994 sp ||||1| spa d | ||
| 020 | _a84-7898-085-7 | ||
| 080 | _a159.923.2 | ||
| 245 | 0 | 0 |
_aIdentidad y alteridad _b: aproximación al tema del doble / _cJuan Bargalló (ed.). |
| 260 |
_aSevilla : _bAlfar, _c1994. |
||
| 300 |
_a310 p. ; _c22 cm. |
||
| 490 | 1 |
_aAlfar universidad. Serie investigación y ensayo ; _v80. |
|
| 650 | 1 | 7 |
_aIdentidad (Psicología) _2embne _913542 |
| 700 | 1 |
_aBargalló, Juan. _925632 |
|
| 830 | 0 |
_aAlfar universidad. Serie investigación y ensayo ; _v80. _9176049 |
|
| 852 |
_aES-MaACL _jL-17633 _bR.123282 |
||
| 999 |
_c10171 _d10171 |
||